000 00966nam a22002175i 4500
001 159669
003 ES-MaACL
005 20230906211725.0
008 010130s1897 phl |||| | spa d
040 _aCAM
_bspa
_cCAM
100 1 _aMillán y Villanueva, Camilo.
_9129935
245 1 3 _aEl gran problema de las reformas en Filipinas, planteado por El Español, periódico diario de Manila /
_cy redactado por Camilo Millán y Villanueva.
260 _aManila :
_b[s.n.],
_c1897 (
_fImp. de J. Lafont)
300 _a119 p. ;
_c23 cm.
530 _aDisponible en formato digital.
594 _aEn antep. consta : "Política y administración"
650 4 _aDerecho colonial-
_zFilipinas.
_9156981
651 4 _aFilipinas-
_xAdministración-
_yS.XIX.
_98653
852 _aES-MaACL
_jT-810-F-6
_z-- Enc. hol., conservando la cub. original
_z-- Enc. en un vol. facticio
856 _uhttp://bdh-rd.bne.es/viewer.vm?id=0000120360&page=1
_zBiblioteca Digital Hispánica
999 _c159669
_d159669